[Event "Hyderabad Singh Ji Memorial"]
[Site "Hyderabad"]
[Date "2023.01.13"]
[Round "7"]
[White "Lad, Mandar Pradip"]
[Black "Varun, V."]
[Result "1/2-1/2"]
[WhiteElo "1776"]
[BlackElo "2250"]
[PlyCount "175"]
[EventDate "2023.01.10"]
[EventType "swiss"]
[EventRounds "9"]
[EventCountry "IND"]
[SourceTitle "CBM 212 Extra"]
[Source "ChessBase"]
[SourceDate "2023.03.31"]
[SourceVersion "1"]
[SourceVersionDate "2023.03.31"]
[SourceQuality "1"]

1. d4 Nf6 2. c4 g6 3. Nc3 Bg7 4. g3 d5 5. Bg2 dxc4 6. Nf3 0-0 7. 0-0 Nc6 8. h3 Rb8 9. a4 Na5 10. e4 a6 11. Be3 Nd7 12. Qe2 Nb3 13. Ra2 b5 14. axb5 axb5 15. e5 Bb7 16. e6 fxe6 17. Ng5 Bxg2 18. Kxg2 Qc8 19. Nxe6 Qb7+ 20. f3 Rf7 21. Ne4 Bh8 22. N4g5 Rf6 23. d5 Qxd5 24. Rd1 Qc6 25. Bd4 Re8 26. Bxf6 exf6 27. Qe4 Ne5 28. Qxc6 Nxc6 29. Nxc7 Rc8 30. Nge6 f5 31. Nxb5 Rb8 32. Nd6 Nba5 33. Rd2 Nb3 34. Rd1 Nba5 35. Rb1 Be5 36. Rd1 Bxb2 37. Nc5 c3 38. Nd3 Nb3 39. Nxb2 c2 40. Ndc4 cxd1Q 41. Nxd1 Nc1 42. Rd2 Nb3 43. Rb2 Rb4 44. Nd2 Rd4 45. Nxb3 Rxd1 46. Rd2 Rxd2+ 47. Nxd2 Kf7 48. f4 Ke6 49. g4 Kd5 50. Kf3 Kd4 51. Nb3+ Kc4 52. Nc1 Nd4+ 53. Ke3 Nc2+ 54. Kd2 Nb4 55. Ne2 Nd5 56. gxf5 gxf5 57. Ng3 Ne7 58. Ke3 Kc5 59. h4 Kd6 60. Kd4 Ke6 61. Ke3 h6 62. Ne2 Ng6 63. h5 Nf8 64. Nd4+ Kf6 65. Kd3 Nd7 66. Kc4 Nb6+ 67. Kc5 Na4+ 68. Kc4 Nb2+ 69. Kc3 Nd1+ 70. Kd2 Nf2 71. Ke3 Ne4 72. Kf3 Nd6 73. Ke3 Ne8 74. Ne2 Ke6 75. Nd4+ Kf6 76. Ne2 Nc7 77. Kd4 Ke6 78. Kc5 Ne8 79. Kc6 Kf6 80. Kd5 Nc7+ 81. Kc6 Na6 82. Kb5 Nc7+ 83. Kc6 Ne6 84. Kd6 Ng5 85. fxg5+ hxg5 86. Kd5 g4 87. Kd4 Kg5 88. Ke5 1/2-1/2

[Event "IND-ch 59th"]
[Site "New Delhi"]
[Date "2023.01.01"]
[Round "11"]
[White "Adireddy, Arjun"]
[Black "Varun, V."]
[Result "1/2-1/2"]
[WhiteElo "1980"]
[BlackElo "2250"]
[PlyCount "119"]
[EventDate "2022.12.22"]
[EventType "swiss"]
[EventRounds "13"]
[EventCountry "IND"]
[SourceTitle "CBM 211 Extra"]
[Source "ChessBase"]
[SourceDate "2023.01.31"]
[SourceVersion "1"]
[SourceVersionDate "2023.01.31"]
[SourceQuality "1"]

1. e4 c5 2. Nf3 Nc6 3. d4 cxd4 4. Nxd4 g6 5. c4 Bg7 6. Be3 Qb6 7. Nb3 Qd8 8. Nd4 Nf6 9. Nc3 d6 10. Be2 0-0 11. 0-0 Bd7 12. Rc1 Nxd4 13. Bxd4 a5 14. b3 Bc6 15. f3 Nd7 16. Be3 Nc5 17. Qc2 Qb6 18. Rb1 Rfc8 19. a3 Qd8 20. Rfc1 Qf8 21. Qd1 Ne6 22. Nd5 Bxd5 23. cxd5 Nc5 24. Bb5 Qd8 25. Qd2 h5 26. Bxc5 Rxc5 27. Rxc5 Qb6 28. Qc2 Rc8 29. Kf1 Rxc5 30. Bc4 Qc7 31. a4 b5 32. axb5 Rxb5 33. e5 Bxe5 34. f4 Bf6 35. f5 g5 36. Qe2 Rc5 37. Qxh5 a4 38. Qe2 a3 39. Qa2 Qa7 40. Re1 Kf8 41. Re4 Qa5 42. Re3 Qb4 43. h3 Bb2 44. Rd3 Rc8 45. g4 Rc5 46. Ke2 Rc8 47. Kf1 Bc3 48. Re3 Rc5 49. Rf3 Bb2 50. Ke2 Rc7 51. Rd3 Kg7 52. Kf1 Rc5 53. Ke2 Bc3 54. Kd1 Be5 55. Ke2 Rc8 56. Kf1 Bb2 57. Ke2 Qc5 58. Kf1 Kf8 59. Qb1 Qb4 60. Qa2 1/2-1/2

[Event "IND-ch 59th"]
[Site "New Delhi"]
[Date "2022.12.30"]
[Round "9"]
[White "Pattnayak, Nilsu"]
[Black "Varun, V."]
[Result "0-1"]
[WhiteElo "1956"]
[BlackElo "2250"]
[PlyCount "122"]
[EventDate "2022.12.22"]
[EventType "swiss"]
[EventRounds "13"]
[EventCountry "IND"]
[SourceTitle "CBM 211 Extra"]
[Source "ChessBase"]
[SourceDate "2023.01.31"]
[SourceVersion "1"]
[SourceVersionDate "2023.01.31"]
[SourceQuality "1"]

1. e4 c5 2. Nf3 Nc6 3. Bb5 Qb6 4. c4 g6 5. Bxc6 bxc6 6. Nc3 Bg7 7. 0-0 d6 8. b3 e5 9. Rb1 Ne7 10. Na4 Qc7 11. b4 cxb4 12. Rxb4 0-0 13. d3 Bd7 14. c5 Rab8 15. Rxb8 Rxb8 16. cxd6 Qxd6 17. Be3 Nc8 18. Qc2 Bg4 19. Rc1 Nb6 20. Nxb6 axb6 21. Qxc6 Qxd3 22. h3 Bxf3 23. gxf3 Qe2 24. Qc8+ Rxc8 25. Rxc8+ Bf8 26. Bh6 Qd1+ 27. Kg2 Qd6 28. a4 f6 29. Rxf8+ Qxf8 30. Bxf8 Kxf8 31. Kf1 Ke7 32. Ke2 Kd6 33. Kd3 b5 34. axb5 Kc5 35. b6 Kxb6 36. Kc4 Kc6 37. Kb4 Kb6 38. Kc4 Kc6 39. Kb4 g5 40. Kc4 h6 41. Kb4 h5 42. Kc4 h4 43. Kd3 Kb5 44. Kc3 Kc5 45. Kd3 Kb4 46. Kd2 Kc4 47. Kc2 Kd4 48. Kd2 g4 49. fxg4 Kxe4 50. Ke2 Kf4 51. Ke1 Kf3 52. Kf1 e4 53. Kg1 Ke2 54. Kg2 e3 55. fxe3 Kxe3 56. Kf1 Kf3 57. Ke1 Kg3 58. Ke2 Kxh3 59. Kf3 Kh2 60. Kf4 h3 61. Kf5 Kg3 0-1

[Event "IND-ch 59th"]
[Site "New Delhi"]
[Date "2022.12.29"]
[Round "8"]
[White "Varun, V."]
[Black "Kushagra, Mohan"]
[Result "1/2-1/2"]
[WhiteElo "2250"]
[BlackElo "2390"]
[PlyCount "66"]
[EventDate "2022.12.22"]
[EventType "swiss"]
[EventRounds "13"]
[EventCountry "IND"]
[SourceTitle "CBM 211 Extra"]
[Source "ChessBase"]
[SourceDate "2023.01.31"]
[SourceVersion "1"]
[SourceVersionDate "2023.01.31"]
[SourceQuality "1"]

1. d4 Nf6 2. Nf3 g6 3. Bg5 Bg7 4. Nbd2 0-0 5. c3 d6 6. e4 c5 7. dxc5 dxc5 8. Bc4 Nc6 9. 0-0 Qc7 10. Qe2 h6 11. Bxf6 exf6 12. Nh4 Kh7 13. f4 b6 14. e5 f5 15. Nhf3 Ne7 16. h4 Bb7 17. h5 Rad8 18. hxg6+ fxg6 19. Rfd1 Nd5 20. g3 Qe7 21. Nf1 g5 22. Ne3 Nxe3 23. Qxe3 Ba8 24. Kf2 Qb7 25. Bd3 Qxf3+ 26. Qxf3 Bxf3 27. Kxf3 g4+ 28. Ke3 Kg6 29. Bb5 Kf7 30. a4 a5 31. Be2 h5 32. Rxd8 Rxd8 33. Rd1 Rf8 1/2-1/2

[Event "New Delhi Parsvnath op-A 18th"]
[Site "New Delhi"]
[Date "2020.01.10"]
[Round "2"]
[White "Varun, V."]
[Black "Karthik, Venkataraman"]
[Result "0-1"]
[WhiteElo "2256"]
[BlackElo "2479"]
[PlyCount "112"]
[EventDate "2020.01.09"]
[EventType "swiss"]
[EventRounds "10"]
[EventCountry "IND"]
[SourceTitle "CBM 194 Extra"]
[Source "ChessBase"]
[SourceDate "2020.03.31"]
[SourceVersion "1"]
[SourceVersionDate "2020.03.31"]
[SourceQuality "1"]

1. e4 c5 2. Nc3 d6 3. f4 g6 4. Nf3 Bg7 5. Bc4 Nc6 6. 0-0 e6 7. d4 cxd4 8. Nb5 Nge7 9. Bb3 0-0 10. Nbxd4 Na5 11. Be3 a6 12. Qe1 b5 13. Rd1 Qc7 14. e5 dxe5 15. fxe5 Nxb3 16. axb3 Bb7 17. Bg5 Nf5 18. c3 Nxd4 19. cxd4 Qc2 20. Rd2 Qxb3 21. Be7 Rfe8 22. Bc5 h6 23. Rdf2 Rad8 24. Qe2 Rd7 25. Nh4 Bd5 26. Qg4 Qd3 27. b4 Qe4 28. Qg3 Bc4 29. Rf4 Qd3 30. R4f3 Qd2 31. R3f2 Qg5 32. Ra1 Qxg3 33. hxg3 Ra8 34. Nf3 Bd5 35. Nh2 h5 36. g4 Bh6 37. Ra3 h4 38. Nf3 Bxf3 39. gxf3 Bc1 40. Rc3 Bf4 41. Ra3 a5 42. bxa5 b4 43. Rb3 Rxa5 44. Kg2 Rb5 45. Rc2 Rc7 46. Rcb2 Bxe5 47. Rxb4 Rbxc5 48. dxe5 Rxe5 49. f4 Re3 50. g5 Rg3+ 51. Kh2 Kg7 52. Rd2 Rcc3 53. Rf2 Rh3+ 54. Kg2 Rcg3+ 55. Kf1 Rh1+ 56. Ke2 h3 0-1

[Event "Mumbai Wealth op 5th"]
[Site "Mumbai"]
[Date "2020.01.07"]
[Round "9"]
[White "Sundararajan, Kidambi"]
[Black "Varun, V."]
[Result "1/2-1/2"]
[WhiteElo "2414"]
[BlackElo "2250"]
[PlyCount "105"]
[EventDate "2019.12.30"]
[EventType "swiss"]
[EventRounds "9"]
[EventCountry "IND"]
[SourceTitle "CBM 194 Extra"]
[Source "ChessBase"]
[SourceDate "2020.03.31"]
[SourceVersion "1"]
[SourceVersionDate "2020.03.31"]
[SourceQuality "1"]

1. e3 d5 2. Nf3 Nf6 3. b3 Bf5 4. Bb2 e6 5. d3 Be7 6. g3 h6 7. Bg2 Nbd7 8. 0-0 0-0 9. Qe2 a5 10. a4 c6 11. Nbd2 Bh7 12. Kh1 b5 13. Nd4 Qb6 14. f4 bxa4 15. Rxa4 c5 16. N4f3 c4 17. dxc4 Bxc2 18. Nd4 Bh7 19. cxd5 exd5 20. f5 Nc5 21. Ra2 a4 22. bxa4 Nxa4 23. Rfa1 Rae8 24. Nc4 dxc4 25. Rxa4 Bc5 26. Rxc4 Re5 27. Rac1 Rfe8 28. Qc2 Bf8 29. Rc6 Qd8 30. Rc8 Qb6 31. Rxe8 Rxe8 32. e4 Ng4 33. Bf3 Ne5 34. Bg2 Nd3 35. Qxd3 Qxb2 36. Rb1 Qa2 37. Qc2 Qxc2 38. Nxc2 g6 39. g4 gxf5 40. gxf5 Bd6 41. Ne3 Rb8 42. Rd1 Be5 43. Ng4 Bf4 44. Nf6+ Kh8 45. Bf3 Bg5 46. Nxh7 Kxh7 47. Rd7 Kg8 48. Bh5 f6 49. Bf7+ Kf8 50. Kg2 Rb2+ 51. Kg3 Rd2 52. Rb7 Rd3+ 53. Kg4 1/2-1/2

[Event "Mumbai Wealth op 5th"]
[Site "Mumbai"]
[Date "2020.01.03"]
[Round "5"]
[White "Varun, V."]
[Black "Shiva, Pavan Teja Sharma U"]
[Result "1-0"]
[WhiteElo "2250"]
[BlackElo "2072"]
[PlyCount "57"]
[EventDate "2019.12.30"]
[EventType "swiss"]
[EventRounds "9"]
[EventCountry "IND"]
[SourceTitle "CBM 194 Extra"]
[Source "ChessBase"]
[SourceDate "2020.03.31"]
[SourceVersion "1"]
[SourceVersionDate "2020.03.31"]
[SourceQuality "1"]

1. e4 c6 2. d4 d5 3. exd5 cxd5 4. Bd3 Nc6 5. c3 Nf6 6. Bf4 Bg4 7. Qb3 Qc8 8. Nd2 e6 9. Ngf3 Be7 10. 0-0 0-0 11. Rae1 Bh5 12. Qc2 Bg6 13. Bxg6 hxg6 14. Qd3 a6 15. Ng5 Nh7 16. Nxh7 Kxh7 17. h4 Kg8 18. g3 b5 19. Kg2 Rd8 20. Rh1 Bf6 21. Nf3 Ne7 22. Bg5 Qc4 23. Qd2 Bxg5 24. hxg5 Qc7 25. Rh3 Nc6 26. Ne5 Nxe5 27. Rxe5 Rac8 28. Qf4 f6 29. Rxe6 1-0

[Event "IND-ch 57th"]
[Site "Majitar"]
[Date "2019.12.14"]
[Round "6"]
[White "Varun, V."]
[Black "Vishnu, Prasanna V"]
[Result "0-1"]
[WhiteElo "2250"]
[BlackElo "2493"]
[PlyCount "54"]
[EventDate "2019.12.10"]
[EventType "swiss"]
[EventRounds "11"]
[EventCountry "IND"]
[SourceTitle "CBM 193 Extra"]
[Source "ChessBase"]
[SourceDate "2020.01.31"]
[SourceVersion "1"]
[SourceVersionDate "2020.01.31"]
[SourceQuality "1"]

1. e4 g6 2. d4 Bg7 3. Nc3 d6 4. Nf3 a6 5. a4 Nf6 6. Be2 0-0 7. 0-0 Nc6 8. h3 e6 9. Be3 b6 10. e5 Ne8 11. Bg5 Qd7 12. Re1 Bb7 13. exd6 Nxd6 14. d5 Nd8 15. Bf1 e5 16. Bxd8 Raxd8 17. Nxe5 Qf5 18. Ng4 h5 19. Ne3 Qf4 20. Ne2 Qf6 21. Nc3 Qh4 22. Qf3 Rfe8 23. Bd3 Re7 24. Nf1 Rde8 25. Red1 Bc8 26. Ng3 Qb4 27. Rab1 Bg4 0-1

[Event "IND-ch 57th"]
[Site "Majitar"]
[Date "2019.12.13"]
[Round "5"]
[White "Shyam, Nikil P"]
[Black "Varun, V."]
[Result "1/2-1/2"]
[WhiteElo "2455"]
[BlackElo "2250"]
[PlyCount "168"]
[EventDate "2019.12.10"]
[EventType "swiss"]
[EventRounds "11"]
[EventCountry "IND"]
[SourceTitle "CBM 193 Extra"]
[Source "ChessBase"]
[SourceDate "2020.01.31"]
[SourceVersion "1"]
[SourceVersionDate "2020.01.31"]
[SourceQuality "1"]

1. e4 c5 2. Nf3 g6 3. Bc4 Bg7 4. 0-0 Nc6 5. Re1 e5 6. d3 Nge7 7. a3 0-0 8. Nc3 d6 9. b4 Nd4 10. h3 h6 11. Nd5 Be6 12. Nxe7+ Qxe7 13. Nd2 Bxc4 14. Nxc4 Ne6 15. Rb1 b6 16. bxc5 Nxc5 17. Ne3 f5 18. Nd5 Qh4 19. f3 fxe4 20. fxe4 Ne6 21. Be3 h5 22. Qd2 Nf4 23. Rf1 Nxd5 24. exd5 Rxf1+ 25. Rxf1 Rf8 26. Rxf8+ Bxf8 27. Qf2 Qxf2+ 28. Kxf2 Be7 29. Kf3 Kf7 30. a4 Bd8 31. Bd2 Ke8 32. Bb4 Be7 33. Ba3 Kf7 34. Ke3 Ke8 35. Ke4 Kd7 36. Bb4 Bd8 37. Kf3 Be7 38. g4 hxg4+ 39. Kxg4 Ke8 40. Bd2 Kf7 41. Kf3 Ke8 42. Bb4 Kd7 43. Ke3 Bg5+ 44. Ke2 Ke7 45. Kf3 Kd7 46. Be1 Bf6 47. Bd2 Ke7 48. Be3 Kd7 49. Ke2 Kc7 50. Kd2 Kb7 51. Kc3 Bh4 52. Kc4 Be7 53. Bh6 a6 54. Kc3 Kc7 55. Kd2 Kd7 56. Be3 Bd8 57. c4 Ke8 58. Ke2 Kf7 59. Kf3 Ke8 60. Kg4 Kf7 61. h4 Kg7 62. h5 gxh5+ 63. Kxh5 Kf7 64. Kh6 Ke8 65. Kg6 Kd7 66. Kf7 Bc7 67. Bg5 Bb8 68. Kf6 Bc7 69. Kf5 Bb8 70. Ke4 Bc7 71. Ke3 Bb8 72. Kd2 Bc7 73. Kc3 Kc8 74. Kb4 Kb7 75. Be7 Kc8 76. Bf8 Kd7 77. Bh6 Kc8 78. Bd2 Kb7 79. Be1 Kc8 80. Kb3 Kd7 81. Bb4 Kc8 82. Ba3 Kd7 83. Bc1 Kc8 84. Bd2 Kd7 1/2-1/2

[Event "Hyderabad op 3rd"]
[Site "Hyderabad"]
[Date "2019.08.27"]
[Round "10"]
[White "Varun, V."]
[Black "Praloy, Sahoo"]
[Result "1-0"]
[WhiteElo "2251"]
[BlackElo "1995"]
[PlyCount "81"]
[EventDate "2019.08.20"]
[EventType "swiss"]
[EventRounds "10"]
[EventCountry "IND"]
[SourceTitle "EXT 2020"]
[Source "ChessBase"]
[SourceDate "2019.10.17"]
[SourceVersion "1"]
[SourceVersionDate "2019.10.17"]
[SourceQuality "1"]

1. d4 d5 2. Bf4 c5 3. e3 Nc6 4. c3 Bf5 5. Qb3 Qd7 6. Nf3 f6 7. Nbd2 g5 8. Bg3 h5 9. h3 c4 10. Qd1 e6 11. h4 g4 12. Ng1 Bd6 13. e4 Bg6 14. Ne2 Qc7 15. Bxd6 Qxd6 16. g3 f5 17. exd5 exd5 18. Bg2 Nf6 19. b3 cxb3 20. axb3 0-0 21. Nf1 Ne4 22. Bxe4 fxe4 23. Ne3 Ne7 24. Nf4 Rfc8 25. Qd2 Bf7 26. 0-0 a5 27. Rfc1 b5 28. c4 dxc4 29. bxc4 b4 30. c5 Qa6 31. d5 Qb5 32. d6 b3 33. Qb2 Rxc5 34. dxe7 Rac8 35. Rxc5 Rxc5 36. Rd1 Re5 37. Rd8+ Kh7 38. Rf8 Bg6 39. Nxg6 Kxg6 40. e8Q+ Rxe8 41. Qf6+ 1-0

[Event "Hyderabad op 3rd"]
[Site "Hyderabad"]
[Date "2019.08.25"]
[Round "8"]
[White "Varun, V."]
[Black "Karthikeyan, Pandian"]
[Result "1/2-1/2"]
[WhiteElo "2251"]
[BlackElo "2422"]
[PlyCount "97"]
[EventDate "2019.08.20"]
[EventType "swiss"]
[EventRounds "10"]
[EventCountry "IND"]
[SourceTitle "EXT 2020"]
[Source "ChessBase"]
[SourceDate "2019.10.17"]
[SourceVersion "1"]
[SourceVersionDate "2019.10.17"]
[SourceQuality "1"]

1. e4 g6 2. d4 Bg7 3. Nc3 d6 4. g3 h5 5. h3 Nd7 6. Nge2 e5 7. Bg2 Ne7 8. Be3 a6 9. a4 b6 10. Qd2 Bb7 11. Rd1 0-0 12. 0-0 f5 13. Bg5 fxe4 14. Nxe4 d5 15. N4c3 c6 16. dxe5 Nxe5 17. Nf4 Qd7 18. a5 Nf5 19. Na4 Nc4 20. Nxb6 Nxd2 21. Nxd7 Nxf1 22. Nxf8 N1e3 23. fxe3 Nxe3 24. Re1 Nxg2 25. Kxg2 Bxf8 26. Re6 d4 27. Rxg6+ Kh7 28. Re6 c5+ 29. Kf2 c4 30. Nxh5 Rc8 31. Nf6+ Kg6 32. h4 Rc6 33. Nd7+ Rxe6 34. Nxf8+ Kf5 35. g4+ Ke5 36. Nxe6 Kxe6 37. Bd2 c3 38. bxc3 dxc3 39. Bxc3 Be4 40. Ke3 Bxc2 41. Kf4 Bd1 42. Kg5 Be2 43. h5 Bd1 44. Kh4 Be2 45. g5 Kf5 46. g6 Bd1 47. g7 Bb3 48. h6 Kg6 49. Bd2 1/2-1/2

[Event "IND-ch Challengers 53rd"]
[Site "Nagpur"]
[Date "2015.08.18"]
[Round "2"]
[White "Das, Sayantan"]
[Black "Varun, V."]
[Result "1/2-1/2"]
[WhiteElo "2444"]
[BlackElo "2171"]
[PlyCount "101"]
[EventDate "2015.08.17"]
[EventType "swiss"]
[EventRounds "13"]
[EventCountry "IND"]
[SourceTitle "EXT 2016"]
[Source "ChessBase"]
[SourceDate "2015.10.08"]
[SourceVersion "1"]
[SourceVersionDate "2015.10.08"]
[SourceQuality "1"]

1. e4 c5 2. Nf3 g6 3. d4 cxd4 4. Nxd4 Nc6 5. c4 Nf6 6. Nc3 d6 7. Nc2 Bg7 8. Be2 0-0 9. 0-0 Nd7 10. Be3 Nc5 11. f3 a5 12. Qd2 a4 13. Rab1 Qa5 14. Nd4 Nxd4 15. Bxd4 Be6 16. Bxg7 Kxg7 17. f4 f6 18. Qe3 Nd7 19. Kh1 Qc5 20. Qd3 Rfc8 21. Nd5 Nb6 22. Rbc1 Bxd5 23. exd5 Rc7 24. Rfd1 Qb4 25. Rc2 Re8 26. Qe4 Qc5 27. Bd3 Nd7 28. Qe1 f5 29. b4 axb3 30. axb3 Nf6 31. b4 Qb6 32. Re2 Kf7 33. Re6 Qd4 34. g3 Ra8 35. Re2 Ra3 36. Bxf5 Qxc4 37. Rc2 Rc3 38. Rxc3 Qxc3 39. Be6+ Kg7 40. Qxc3 Rxc3 41. Rd4 Rc2 42. g4 h5 43. g5 Ng4 44. h3 Ne3 45. Rd3 Nf5 46. Bxf5 gxf5 47. Re3 Kf7 48. g6+ Kxg6 49. Rxe7 Rc4 50. Rxb7 Rxf4 51. Rb6 1/2-1/2

[Event "IND-ch U19"]
[Site "Dindigul"]
[Date "2015.07.31"]
[Round "11"]
[White "Gajwa, Ankit"]
[Black "Varun, V."]
[Result "1/2-1/2"]
[WhiteElo "2107"]
[BlackElo "2171"]
[PlyCount "143"]
[EventDate "2015.07.23"]
[EventType "swiss"]
[EventRounds "11"]
[EventCountry "IND"]
[SourceTitle "EXT 2016"]
[Source "ChessBase"]
[SourceDate "2015.10.08"]
[SourceVersion "1"]
[SourceVersionDate "2015.10.08"]
[SourceQuality "1"]

1. e4 c5 2. Nf3 g6 3. d4 cxd4 4. Nxd4 Nc6 5. Nc3 Bg7 6. Be3 Nf6 7. Bc4 Qa5 8. 0-0 0-0 9. Bb3 d6 10. h3 Bd7 11. Re1 Rfe8 12. Qe2 Nxe4 13. Nxc6 Nxc3 14. Nxa5 Nxe2+ 15. Rxe2 b6 16. Nc4 b5 17. Nd2 Bxb2 18. Rb1 Bg7 19. Bd5 Rac8 20. Bxa7 Rxc2 21. Bb3 Rc7 22. Bb6 Rc6 23. Ba5 e6 24. Nf3 Ra6 25. Bb4 Rc8 26. Rd1 d5 27. Ree1 Bh6 28. Bd2 Bg7 29. Rc1 Rac6 30. Rxc6 Bxc6 31. Rc1 Bd7 32. Rxc8+ Bxc8 33. Kf1 Bb7 34. Ne1 Bc6 35. Nc2 Kf8 36. Nb4 Bd7 37. Ke2 Ke7 38. Kd3 Kd6 39. Bc3 f6 40. Nc2 e5 41. Bb4+ Ke6 42. Bc5 Bc6 43. Nb4 Bb7 44. Ke2 Bh6 45. Bc2 Bc8 46. Bd3 Bd7 47. Na6 Bc6 48. Nb4 Bd7 49. Kf1 Bd2 50. Na6 Ba5 51. Bb4 Bxb4 52. Nxb4 e4 53. Bc2 Ke5 54. Bb3 d4 55. Ke2 f5 56. Bd5 d3+ 57. Kd2 Kd4 58. Bc6 Be6 59. a3 Bc4 60. g3 g5 61. Ba8 f4 62. gxf4 gxf4 63. Nc6+ Kc5 64. Ne7 Kd4 65. Nf5+ Ke5 66. Ne7 Kd4 67. Nc6+ Kc5 68. Nb4 Kd4 69. Nc6+ Kc5 70. Ne7 Kd4 71. Nf5+ Ke5 72. Ne7 1/2-1/2

[Event "IND-ch U19"]
[Site "Dindigul"]
[Date "2015.07.26"]
[Round "6"]
[White "Varun, V."]
[Black "Dhulipalla, Bala Chandra Prasad"]
[Result "0-1"]
[WhiteElo "2171"]
[BlackElo "2207"]
[PlyCount "99"]
[EventDate "2015.07.23"]
[EventType "swiss"]
[EventRounds "11"]
[EventCountry "IND"]
[SourceTitle "EXT 2016"]
[Source "ChessBase"]
[SourceDate "2015.10.08"]
[SourceVersion "1"]
[SourceVersionDate "2015.10.08"]
[SourceQuality "1"]

1. Nf3 Nf6 2. g3 g6 3. Bg2 Bg7 4. 0-0 0-0 5. c4 d6 6. Nc3 a6 7. d3 e5 8. Bg5 h6 9. Bxf6 Qxf6 10. Nd2 Qd8 11. Rb1 c6 12. b4 e4 13. Qc2 exd3 14. exd3 Be6 15. a4 Nd7 16. a5 Rc8 17. Nb3 Re8 18. h3 h5 19. Ne2 f5 20. Rfd1 h4 21. Qd2 Rc7 22. Nbd4 hxg3 23. fxg3 Bf7 24. b5 Ne5 25. bxa6 bxa6 26. Rb6 d5 27. c5 Nd7 28. Nxc6 Qc8 29. Nb4 Nxb6 30. cxb6 Rce7 31. Rc1 Qd7 32. Rc7 Qd6 33. Rxe7 Qxe7 34. Nxa6 Qxe2 35. Qxe2 Rxe2 36. b7 Be5 37. d4 Bd6 38. Nb4 Re1+ 39. Kf2 Ra1 40. a6 Kf8 41. Bf1 Be8 42. Be2 Ke7 43. Nxd5+ Kd8 44. Nb6 Bd7 45. Nd5 Bb8 46. Bd3 Ra3 47. Ke2 Bxg3 48. Nc3 Bb8 49. Kd2 g5 50. Kc2 0-1

[Event "IND-ch U25"]
[Site "Calicut"]
[Date "2013.10.06"]
[Round "7"]
[White "Rajesh, VAV"]
[Black "Varun, V."]
[Result "1-0"]
[WhiteElo "2402"]
[BlackElo "2064"]
[PlyCount "91"]
[EventDate "2013.10.02"]
[EventType "swiss"]
[EventRounds "9"]
[EventCountry "IND"]
[SourceTitle "EXT 2014"]
[Source "ChessBase"]
[SourceDate "2013.11.20"]
[SourceVersion "1"]
[SourceVersionDate "2013.11.20"]
[SourceQuality "1"]

1. d4 Nf6 2. c4 g6 3. Nc3 Bg7 4. e4 d6 5. h3 0-0 6. Bg5 h6 7. Be3 e5 8. d5 Na6 9. Bd3 Nc5 10. Bc2 a5 11. Nf3 c6 12. dxc6 bxc6 13. Qd2 Be6 14. b3 Kh7 15. Rd1 Nb7 16. g4 Ng8 17. 0-0 Ne7 18. Nh4 c5 19. Nf5 Ng8 20. Kg2 Ra6 21. Nb5 Qb8 22. f4 f6 23. Nxg7 Kxg7 24. f5 Bd7 25. h4 Qc8 26. a4 Rf7 27. Qc1 h5 28. gxh5 gxf5 29. exf5 Ne7 30. Qb1 Bc6+ 31. Kh2 d5 32. Rg1+ Kh8 33. cxd5 Bxd5 34. h6 Nd6 35. Rd2 Nxb5 36. axb5 Ra8 37. Qd1 Qb7 38. Bxc5 Bf3 39. Rd7 Bxd1 40. Rxb7 Bxc2 41. Rxe7 Rh7 42. b6 Be4 43. Rg6 Bxf5 44. Rxf6 Rxe7 45. Bxe7 Re8 46. Rf7 1-0

[Event "IND-ch U25"]
[Site "Calicut"]
[Date "2013.10.04"]
[Round "4"]
[White "Varun, V."]
[Black "Saravana, Krishnan P"]
[Result "1-0"]
[WhiteElo "2064"]
[BlackElo "2323"]
[PlyCount "73"]
[EventDate "2013.10.02"]
[EventType "swiss"]
[EventRounds "9"]
[EventCountry "IND"]
[SourceTitle "EXT 2014"]
[Source "ChessBase"]
[SourceDate "2013.11.20"]
[SourceVersion "1"]
[SourceVersionDate "2013.11.20"]
[SourceQuality "1"]

1. d4 Nf6 2. Nf3 c5 3. c3 b6 4. Bf4 Bb7 5. e3 g6 6. Be2 Bg7 7. h3 0-0 8. Nbd2 d6 9. 0-0 Nbd7 10. a4 cxd4 11. exd4 Nd5 12. Bh2 Bh6 13. Re1 a6 14. Bf1 N7f6 15. Qb3 Rb8 16. c4 Nc7 17. Qc3 Qd7 18. b4 Rbc8 19. Qb3 Rfe8 20. Red1 Ne4 21. Nxe4 Bxe4 22. d5 b5 23. axb5 axb5 24. Nd4 e5 25. dxe6 fxe6 26. cxb5 Nd5 27. Nc6 Nf4 28. Qe3 Bxc6 29. bxc6 Qf7 30. Rxd6 Rf8 31. Bc4 Qf6 32. Rf1 Rce8 33. Bxf4 Qxf4 34. Qxf4 Rxf4 35. Bxe6+ Kf8 36. c7 Rf6 37. Rd8 1-0

[Event "IND-ch U25"]
[Site "Calicut"]
[Date "2013.10.02"]
[Round "1"]
[White "Srivastav, Shivam"]
[Black "Varun, V."]
[Result "1/2-1/2"]
[WhiteElo "1523"]
[BlackElo "2064"]
[PlyCount "101"]
[EventDate "2013.10.02"]
[EventType "swiss"]
[EventRounds "9"]
[EventCountry "IND"]
[SourceTitle "EXT 2014"]
[Source "ChessBase"]
[SourceDate "2013.11.20"]
[SourceVersion "1"]
[SourceVersionDate "2013.11.20"]
[SourceQuality "1"]

1. e4 c5 2. Nf3 Nc6 3. d4 cxd4 4. Nxd4 g6 5. Nc3 Bg7 6. Be3 Nf6 7. Nxc6 bxc6 8. e5 Ng8 9. f4 Nh6 10. Qf3 0-0 11. Bc4 d5 12. exd6 exd6 13. Qxc6 Bxc3+ 14. bxc3 Qe7 15. Qf3 Bb7 16. Qe2 Rfe8 17. Kd2 Nf5 18. Rhe1 Qc7 19. Qf1 Rec8 20. Rab1 Be4 21. Bd4 d5 22. Bd3 Nxd4 23. cxd4 Qc3+ 24. Kd1 Qxd4 25. Qg1 Qa4 26. Bxe4 dxe4 27. Re2 Qxa2 28. Rc1 Qc4 29. Qe3 Re8 30. Ke1 a5 31. Rf2 Rad8 32. f5 Qd4 33. Qxd4 Rxd4 34. fxg6 hxg6 35. c4 Rc8 36. c5 Rc6 37. Ra2 a4 38. Ke2 f5 39. Ke3 Rd3+ 40. Kf4 a3 41. g4 Rd5 42. Rxa3 Rdxc5 43. Rg1 Re6 44. Ra8+ Kf7 45. Ra7+ Re7 46. Ra3 fxg4 47. Kxg4 Kf6 48. Re1 Ke5 49. Ra6 Rc2 50. Kg3 Rg7 51. Ra5+ 1/2-1/2

[Event "IND-chT 33rd"]
[Site "Hyderabad"]
[Date "2013.02.25"]
[Round "8.3"]
[White "Varun, V."]
[Black "Roy Chowdhury, Saptarshi"]
[Result "0-1"]
[WhiteElo "2062"]
[BlackElo "2472"]
[PlyCount "114"]
[EventDate "2013.02.20"]
[EventType "team-swiss"]
[EventRounds "9"]
[EventCountry "IND"]
[SourceTitle "CBM 153 Extra"]
[Source "ChessBase"]
[SourceDate "2013.04.22"]
[SourceVersion "1"]
[SourceVersionDate "2013.04.22"]
[SourceQuality "1"]
[WhiteTeam "The Empty"]
[BlackTeam "Indian Railways"]
[WhiteTeamCountry "IND"]
[BlackTeamCountry "IND"]

1. d4 Nf6 2. Nf3 d6 3. Bf4 g6 4. h3 Bg7 5. e3 0-0 6. Be2 c5 7. c4 Qb6 8. Qb3 Nc6 9. dxc5 Qxc5 10. Nbd2 a5 11. a4 Bf5 12. g4 Be6 13. Ng5 Bd7 14. Rc1 Nb4 15. Bf3 Qc8 16. 0-0 Bc6 17. Nge4 Nxe4 18. Bxe4 Qd7 19. Bxc6 bxc6 20. c5 e5 21. Bg3 d5 22. e4 Qe7 23. exd5 cxd5 24. Rfe1 Rfe8 25. Nf1 Rac8 26. c6 Qd6 27. Ne3 Rxc6 28. Rxc6 Qxc6 29. Rd1 d4 30. Nc4 Qd5 31. Nd2 Qc6 32. Nc4 Qc5 33. Na3 e4 34. Qc4 Qxc4 35. Nxc4 Nc6 36. Nd6 Re6 37. Rc1 Ne7 38. Rc5 d3 39. Nc4 Rc6 40. Rxc6 Nxc6 41. Kf1 f5 42. gxf5 gxf5 43. Bc7 Kf7 44. Nxa5 Nb4 45. Nc4 Ke6 46. Ba5 Nc2 47. Bd2 Kd5 48. Ne3+ Nxe3+ 49. Bxe3 Kc4 50. b3+ Kb4 51. Ke1 Kxb3 52. a5 Bc3+ 53. Bd2 Kc2 54. Bxc3 Kxc3 55. Kd1 f4 56. a6 e3 57. fxe3 f3 0-1